000 00625nam a22001931a 4500
001 1323
003 OSt
005 20260204211729.0
008 040119s1998||||dr ||||||b||||||||||spa||
050 _aRD 868 V243o
082 _aRD 800.7293 V243o
100 _aVallde Pérez, Manuel
245 _aObra crítica en el periódico el caribe / Manuel Vallde Pérez
264 _aSanto Domingo : Taller
300 _a3 Volúmenes
505 _aVol. 1: Artes Plásticas, Vol. Siglos XVII-XVIII-XIX. Vol. 3. Literatura y Música,
650 _aLiteratura Yarte 2.Estética Cristianismo en el Arte y la MúsicaÌ
942 _2ddc
_cBK
999 _c1323
_d1323